| 000 | 00398nam a2200145Ia 4500 | ||
|---|---|---|---|
| 008 | 220204s9999 xx 000 0 und d | ||
| 082 |
_aNR:63PM _bRRM.4;2 |
||
| 100 | _aPidford, J H | ||
| 245 | 0 | _aLatex preservation, concentration and shipment | |
| 260 |
_aMalaya _bRRIM _c1947 |
||
| 490 | _a RRIM planting manual .4 | ||
| 650 | _aLatex preservation | ||
| 650 | _aPlanting manual 4 | ||
| 942 | _cBK | ||
| 999 |
_c19517 _d19517 |
||